<?xml version="1.0" encoding="UTF-8"?>
<record
    xmlns:xsi="http://www.w3.org/2001/XMLSchema-instance"
    xsi:schemaLocation="http://www.loc.gov/MARC21/slim http://www.loc.gov/standards/marcxml/schema/MARC21slim.xsd"
    xmlns="http://www.loc.gov/MARC21/slim">

  <leader>00277nam a2200109Ia 4500</leader>
  <controlfield tag="008">220630s9999    xx            000 0 und d</controlfield>
  <datafield tag="020" ind1=" " ind2=" ">
    <subfield code="a">978 0 7981 4604 3</subfield>
  </datafield>
  <datafield tag="082" ind1=" " ind2=" ">
    <subfield code="a">EKF ANDE</subfield>
  </datafield>
  <datafield tag="100" ind1=" " ind2=" ">
    <subfield code="a">ANDERSEN, HANS CHRISTIAN</subfield>
    <subfield code="9">105953</subfield>
  </datafield>
  <datafield tag="245" ind1=" " ind2="4">
    <subfield code="a">THE EMPEROR'S NEW CLOTHES</subfield>
  </datafield>
  <datafield tag="942" ind1=" " ind2=" ">
    <subfield code="c">BK</subfield>
    <subfield code="y">561</subfield>
    <subfield code="z">John Tresidder</subfield>
  </datafield>
  <datafield tag="999" ind1=" " ind2=" ">
    <subfield code="c">78001</subfield>
    <subfield code="d">78000</subfield>
  </datafield>
  <datafield tag="952" ind1=" " ind2=" ">
    <subfield code="0">0</subfield>
    <subfield code="1">0</subfield>
    <subfield code="4">0</subfield>
    <subfield code="7">0</subfield>
    <subfield code="a">THUSL</subfield>
    <subfield code="b">THUSL</subfield>
    <subfield code="d">2021-08-17</subfield>
    <subfield code="g">156.00</subfield>
    <subfield code="l">1</subfield>
    <subfield code="p">3322830162482</subfield>
    <subfield code="r">2025-10-07</subfield>
    <subfield code="s">2025-09-17</subfield>
    <subfield code="w">2021-08-17</subfield>
    <subfield code="y">BK</subfield>
  </datafield>
  <datafield tag="952" ind1=" " ind2=" ">
    <subfield code="0">0</subfield>
    <subfield code="1">0</subfield>
    <subfield code="4">0</subfield>
    <subfield code="7">0</subfield>
    <subfield code="a">SOMAPL</subfield>
    <subfield code="b">SOMAPL</subfield>
    <subfield code="d">2022-07-01</subfield>
    <subfield code="g">130.00</subfield>
    <subfield code="l">0</subfield>
    <subfield code="p">33228 1001756 5</subfield>
    <subfield code="r">2022-07-01</subfield>
    <subfield code="w">2022-07-01</subfield>
    <subfield code="y">BK</subfield>
    <subfield code="z">141411</subfield>
  </datafield>
  <datafield tag="952" ind1=" " ind2=" ">
    <subfield code="0">0</subfield>
    <subfield code="1">0</subfield>
    <subfield code="4">0</subfield>
    <subfield code="7">0</subfield>
    <subfield code="a">SOMAPL</subfield>
    <subfield code="b">SOMAPL</subfield>
    <subfield code="d">2022-07-01</subfield>
    <subfield code="g">130.00</subfield>
    <subfield code="l">0</subfield>
    <subfield code="p">33228 1001785 5</subfield>
    <subfield code="r">2022-07-01</subfield>
    <subfield code="w">2022-07-01</subfield>
    <subfield code="y">BK</subfield>
    <subfield code="z">141411</subfield>
  </datafield>
</record>
